| 000 | 00746nam a2200229 a 4500 | ||
|---|---|---|---|
| 005 | 20250405063826.0 | ||
| 008 | 991125s1992 ea 000 0 eng u | ||
| 020 | _a1559381965 | ||
| 035 | _aUPN01000001116 | ||
| 049 | _aCG | ||
| 050 | 4 |
_aLB1134 _bA3.8 |
|
| 245 | 0 | 0 |
_aAdvances in learning and behavioral disabilities / _ced. Thomas E. Scruggs. |
| 260 |
_aGreenwich, Conn. : _bJAI, _c1992. |
||
| 300 | _av. | ||
| 440 | 0 |
_aAdvances in learning and behavioral disabilities ; _v7 |
|
| 500 | _aLa biblioteca tiene el v.7 y 8 | ||
| 650 | 4 |
_aCONDUCTA (PSICOLOGIA) - _xINVESTIGACION _99968 |
|
| 650 | 2 |
_aDeficiencia mental _910638 |
|
| 650 | 4 |
_aPsicologĂa del aprendizaje _95221 |
|
| 700 | 1 |
_aScruggs, Thomas E., _d1948- _eed. _929988 |
|
| 905 | _aLibro | ||
| 999 |
_c1116 _d1116 |
||